| 000 | 00696nam a22001817a 4500 | ||
|---|---|---|---|
| 999 |
_c5181 _d5181 |
||
| 003 | AR-FvUNAJ | ||
| 005 | 20200207124038.0 | ||
| 008 | 200207b ag ||||| |||| 00| e spa d | ||
| 040 | _cAR-FvUNAJ | ||
| 082 | 1 | 4 |
_a635.09 _214 |
| 100 | 1 |
_aGentile, Nicolás Tomás _98675 |
|
| 245 | 1 | 0 |
_aRasgos históricos de la horticultura / _bNicolás Tomás Gentile. |
| 260 |
_aSantiago del Estero : _bEl Liberal, _c2007. |
||
| 300 | _a101 p. | ||
| 500 | _aEste libro es un ensayo de carácter histórico, comprende los relieves notables de la horticultura dese el fondo del tiempo, desde su prehistoria hasta fines de la historia hortícola. | ||
| 650 | 2 | 7 |
_aHORTICULTURA _2agrovoc _95112 |
| 942 |
_2ddc _cLIBRO |
||